01678nam a2200409Ic 450000100060000000300100000600500170001600700030003300800410003602000180007704000350009504100130013008200200014310000340016324501550019725000450035226400440039730000720044133600270051333700330054033800280057350000210060152100380062253400320066054500670069265000410075965000470080065000540084765000420090165000540094370000320099770000480102970000310107794200120110899900170112095201310113759765CO-BoRNBP20251105143609.0ta210825s20132014sp a er 000 0 spa d a9788429176032 aCO-BoRNBPbspaerdacCO-BoRNBP1 aspaheng04a572.3bT95b222 aTymoczko, John L.eaut96654910aBioquímica :bcurso básico /cJohn L. Tymoczko, Jeremy M. Berg, Lubert Stryer ; versión española traducida por Juan Manuel González Mañas. aSegunda ediciónbSegunda reimpresión 1aBarcelona, España :bReverté,c2014 axxvii, 727, [104] páginas :bilustraciones, fotografías a color atextobtxt2rdacontent asin mediaciónbn2rdamedia avolumenbnc2rdacarrier aIncluye índice aRecomendado para público adulto bBiochemistry A short course aIncluye datos biográficos de los autores al inicio del libro07aBioquimicaxEnseñanza2LEMB96655007aCiencias medicasxEnseñanza2lemb96655107aGenética bioquímicaxEnseñanza2lemb96655207aMetabolismoxEnseñanza2lemb96655307aQuímica fisiológicaxEnseñanza2lemb966554 aBerg, Jeremy M.eaut966555 aGonzález Mañas, Juan Manueletrl966556 aStryer, Luberteaut966557 2ddccBK c59765d59765 00102ddc40708GENaMEMAPJGAbMEMAPJGAcGENd2025-11-05l0o572.3 T95bpMPJG00780r2025-11-05 14:36:44tEj.1w2025-11-05yBK